LIBRARY & INFORMATION CENTRE, KCAET, TAVANUR

ONLINE PUBLIC ACCESS CATALOGUE (OPAC)

Jo Khan Papa Jo Karen Papa / (Record no. 3731)

MARC details
000 -LEADER
fixed length control field 00377cam a2200157ua 4500
041 ## - LANGUAGE CODE
Language code of text/sound track or separate title eng
082 ## - DEWEY DECIMAL CLASSIFICATION NUMBER
Classification number 891.54
Item number KLE/JO
100 ## - MAIN ENTRY--AUTHOR NAME
Personal name Klenrens , De .
245 ## - TITLE STATEMENT
Title Jo Khan Papa Jo Karen Papa /
250 ## - EDITION STATEMENT
Edition statement 1 /
260 ## - PUBLICATION, DISTRIBUTION, ETC. (IMPRINT)
Place of publication :
Name of publisher Rajkamal Prakash ,
Year of publication 1961.
300 ## - PHYSICAL DESCRIPTION
Number of Pages 204 ; .
942 ## - ADDED ENTRY ELEMENTS (KOHA)
Koha item type Books
Holdings
Withdrawn status Lost status Damaged status Home library Current library Date acquired Full call number Accession Number Koha item type
Withdrawn     KAUAET Sanskrit University 07/04/2012 891.54 1948 Books
free website counter